[Event "Minsk op"]
[Site "Minsk"]
[Date "2023.11.04"]
[Round "2"]
[White "Kotau, Aliaksandar"]
[Black "Hakobyan, Menua"]
[Result "0-1"]
[WhiteElo "1800"]
[BlackElo "1971"]
[PlyCount "100"]
[EventDate "2023.11.03"]
[EventType "swiss"]
[EventRounds "9"]
[EventCountry "BLR"]
[SourceTitle "CB46_2023"]
[SourceDate "2023.11.15"]
[SourceVersion "1"]
[SourceVersionDate "2023.11.15"]
[SourceQuality "1"]

1. e4 e6 2. d4 d5 3. Nd2 Nc6 4. c3 e5 5. Ngf3 exd4 6. cxd4 dxe4 7. Nxe4 Bb4+ 8. Nc3 Nf6 9. Be2 0-0 10. Bg5 Bg4 11. 0-0 h6 12. Bh4 Bxf3 13. Bxf3 Qxd4 14. Qxd4 Nxd4 15. Bxb7 Rab8 16. Bxf6 Bxc3 17. bxc3 Ne2+ 18. Kh1 Rxb7 19. Rfe1 Rb2 20. Be5 c6 21. a4 f6 22. Bd6 Rd8 23. Bc5 a6 24. Bb4 Nf4 25. Kg1 Rdd2 26. Bc5 Ne2+ 27. Kf1 Nxc3 28. Re8+ Kh7 29. Re6 Ra2 30. Rxa2 Rxa2 31. f3 Nxa4 32. Bb4 c5 33. Be1 Nb2 34. Re2 a5 35. Bxa5 Ra1+ 36. Be1 Nd3 37. Re3 c4 38. g3 Rd1 39. h3 c3 40. Rxd3 Rxd3 41. Ke2 c2 42. Bd2 Rd5 43. f4 Kg8 44. g4 Kf7 45. Ke3 Ke6 46. h4 Kd7 47. h5 Kc6 48. Ke2 Kb5 49. g5 fxg5 50. fxg5 hxg5 0-1